| 000 | 00460nam a2200133 a 4500 | ||
|---|---|---|---|
| 008 | 120416s1969 ||||||||||||||||| || u | ||
| 050 | _aHJ 9801 Ker | ||
| 100 | _aKerrigan, Harry D | ||
| 245 | 1 | 0 | _aFund accounting |
| 260 |
_aNew York _bMcGraw-Hill _c1969 |
||
| 300 | _ax, 533p. : ill. | ||
| 350 | _a0.00 | ||
| 995 |
_D0.00 _FCBU-MAIN LIBRARY (Kitwe) _H1 _I0.00 _M1 _UAVAILABLE _ZAnnex Low-Usage Collection |
||
| 999 |
_c44097 _d44097 |
||